Weathering/ (Record no. 96173)

MARC details
000 -LEADER
fixed length control field 00708nam a22002177a 4500
005 - DATE AND TIME OF LATEST TRANSACTION
control field 20170824141830.0
010 ## - LCCN (DPL NO)
LC control number 1516EN07
020 ## - INTERNATIONAL STANDARD BOOK NUMBER
International Standard Book Number 9781408864180
Terms of availability 450.00
035 ## - SYSTEM CONTROL NUMBER
System control number B-667772
037 ## - SOURCE OF ACQUISITION
Stock number dpl
Source of stock number/acquisition KKP/Ven
082 ## - DEWEY DECIMAL CLASSIFICATION NUMBER
Classification number 823.92
100 ## - MAIN ENTRY--PERSONAL NAME
Personal name Wood, Lucy
245 ## - TITLE STATEMENT
Title Weathering/
Statement of responsibility, etc by Lucy Wood
260 ## - PUBLICATION, DISTRIBUTION, ETC. (IMPRINT)
Place of publication, distribution, etc London
Name of publisher, distributor, etc Bloombury Pub
Date of publication, distribution, etc 2015
270 ## - ADDRESS
Address 50 Bedford Squre
City London
Postal code WC1B 3DP
300 ## - PHYSICAL DESCRIPTION
Extent 290p.
Dimensions 21cm(pbk)
700 ## - ADDED ENTRY--PERSONAL NAME
Dates associated with a name Ledwidge, Michael
942 ## - ADDED ENTRY ELEMENTS (KOHA)
Source of classification or shelving scheme Dewey Decimal Classification
Item type English Books
Classification part 823.92
Call number suffix WOO
Holdings
Withdrawn status Lost status Not for loan Collection code Home library Current library Date acquired Source of acquisition Cost, normal purchase price Full call number Barcode Copy number Cost, replacement price Koha item type
      Non-fiction Ashok Vihar Ashok Vihar 24/08/2017 KKP/279/24.2.2017/394/15.2.2017/17.3.2017 450.00 823.92 WOO B-667772 1 450.00 English Books

© Delhi Public Library
Hit Counter
free hit counter